Extravagantné modelky v záhrade Floriánky Hotelová akadémia v Prešove tohtoročný Deň detí oslávila tradičným majálesom

Bibliographic Details
Main Author: Jurčišinová, Jana (Author)
Format: Article
Language:Slovak
PhysicalDescription:Fotogr.
ISSN:1336-4030
Subjects:
Online Access:www.vecernik.po.sk

MARC

LEADER 00000nab a2200000 a 4500
001 vtls009089278
003 SK-MaSNL
005 20260303063638.0
008 070827c20070611xo dr n 000 00slo
038 |a SVKPOCL 
040 |a SVKPOCL  |b slo  |c AACR2  |e AACR2 
041 |a slo 
044 |a xo  |c SK 
080 |a 373.6:64  |2 2001 
080 |a 379.8  |2 2001 
080 |a 64:373.6  |2 2001 
100 1 |a Jurčišinová, Jana  |4 aut  |9 1050256 
245 1 0 |a Extravagantné modelky v záhrade Floriánky  |b Hotelová akadémia v Prešove tohtoročný Deň detí oslávila tradičným majálesom  |c Jana Jurčišinová 
300 |a Fotogr. 
610 2 7 |a Hotelová akadémia (Prešov, Slovensko)  |2 svkpocl  |9 442402 
611 2 7 |a Juniáles  |n (9. :  |d 2007 :  |c Prešov, Slovensko)  |2 svkpocl  |9 1061174 
650 0 7 |a Deň detí  |2 svkpocl  |9 1022519 
650 0 7 |a oslavy  |2 svkpocl  |9 484766 
651 7 |a Prešov (Slovensko)  |2 svkpocl  |9 17347 
773 0 |t Prešovský večerník  |g Roč. XVIII, č. 4217 (11.6.2007), s. 6-7  |x 1336-4030 
852 |a SVKPO  |b KIS3GCP 
856 4 1 |u www.vecernik.po.sk 
958 |a RG 
999 |c 1743839  |d 1745769